000 01243naa a2200289 c 4500
001 39981
003 ES-MaCES
005 20100310081600.0
008 100310n2010 sp t 000 | spa d
035 _aCES20100003193v
040 _aES-MaCES
_bspa
_cES-MaCES
100 1 _aToscani Giménez, Daniel
_925101
245 1 3 _aEl procedimiento de reconocimiento y revisión de las prestaciones del sistema de autonomía y atención a la dependencia ¿Acción protectora del Sistema de Seguridad Social?
_cDaniel Toscani Giménez
610 1 4 _aEspaña
_tLey de promoción de la autonomía personal y atención a las personas en situación de dependencia
_d2006
_93034
650 4 _aEspaña
_926964
650 4 _aprocedimiento administrativo
_930919
650 4 _aEstado-Benefactor
_929481
650 4 _acuidados de larga duración
_930677
650 4 _aregímenes especiales de Seguridad Social
_931067
650 4 _adependencia
_929506
650 4 _aprotección social
_929076
653 1 0 _aAsuntos Sociales
773 0 _tRelaciones laborales
_gaño 26, n. 3 (8 feb. 2010){10194 R. 076198}; p. 17-60
_w(ES-MaCES)25210
_943089
902 _aART Artículo de revista
942 _2CES
_cAR
_h3.3.
999 _c39981
_d39981